Disco story : la storia e i protagonisti della musica disco americana ed europea dal 1973 al 1983 /

Enregistré dans:
Détails bibliographiques
Auteur principal: Mazzi, Lucio
Format: Livre
Langue:italien
Publié: [S.l. : s.n.], 2000
Tags: Ajouter un tag
Pas de tags, Soyez le premier à ajouter un tag!

MARC

LEADER 00000nam a22000007i 4500
001 IT\ICCU\UBO\3818661
003 ItRI
005 20260115232322.0
008 101006s2000 it |||||| ||||| |||||c
040 |b ita  |c importazione bologna sebina 
041 7 |a ita  |2 ISO-639-2 
100 1 |a Mazzi, Lucio  |0 IT\ICCU\RAVV\074018 
245 1 0 |a Disco story :  |b la storia e i protagonisti della musica disco americana ed europea dal 1973 al 1983 /  |c Lucio Mazzi. 
260 |a [S.l. :  |b s.n.],  |c 2000  |e (Bologna :  |f Folmar) 
300 |a 206 p. ;  |c 21 cm. 
942 |2 ddc  |c BK  |n 0 
952 |0 0  |1 0  |4 0  |6 DOC_782_421000000000000_MAZ  |7 0  |9 24107  |a BO  |b BO  |d 2026-01-15  |i 14155  |l 0  |o DOC 782.421 MAZ  |p BO14155  |r 2026-01-15 23:23:22  |w 2026-01-15  |x [Sebina 5] [1 v.]  |y BK  |z 1 v. (Con dedica dell' A.) 
999 |c 20525  |d 20525